Entry Personal Name
Number of records used in: 1
001 - CONTROL NUMBER
003 - CONTROL NUMBER IDENTIFIER
005 - DATE AND TIME OF LATEST TRANSACTION
- control field:
20231207160505.0
008 - FIXED-LENGTH DATA ELEMENTS
- fixed length control field:
770719n| acannaab |a aaa
010 ## - LIBRARY OF CONGRESS CONTROL NUMBER
- LC control number:
n 77004766
040 ## - CATALOGING SOURCE
- Original cataloging agency:
DLC
- Transcribing agency:
DLC
- Modifying agency:
MoSU-L
- Modifying agency:
DLC
100 1# - HEADING--PERSONAL NAME
- Personal name:
Dhavan, Rajeev
400 0# - SEE FROM TRACING--PERSONAL NAME
- Personal name:
Rajeev Dhavan
670 ## - SOURCE DATA FOUND
- Source citation:
Black people in Britain ... 1976 (a.e.)
- Information found:
t.p. (Dr. Rajeev Dhavan)
670 ## - SOURCE DATA FOUND
- Source citation:
GB 77-12873
670 ## - SOURCE DATA FOUND
- Source citation:
Publisher's info., 10-13-93
- Information found:
(Dhavan, Rajeev, 1947- )
670 ## - SOURCE DATA FOUND
- Source citation:
Shavan, Rajeev. Reserved!, 2008:
- Information found:
t.p. (Rajeev Dhavan) jkt. (former academic and author is a sr. advocate, Supreme Court of India)